| 000 | 00697nam a22002417a 4500 | ||
|---|---|---|---|
| 999 |
_c13584 _d13584 |
||
| 003 | MIRAKIL | ||
| 005 | 20191108105453.0 | ||
| 008 | 191108b tu ||||| |||| 00| 0 tur d | ||
| 020 | _a9789754374551 | ||
| 040 |
_aTR-AnCHP _cTR-AnCHP |
||
| 041 | _atur | ||
| 082 |
_a956.70443 _bS22t 2003 |
||
| 100 | _aSaatçi, Suphi | ||
| 245 | 1 | 0 |
_aTarihten günümüze ırak Türkmenleri / _cSuphi Saatçi. |
| 250 | _a2 bs. | ||
| 260 |
_aAnkara: _bÖtüken Neşriyat, _c2003. |
||
| 300 |
_a312 s.: _bfotg.; _c20 sm. |
||
| 490 | 0 |
_ayayn nu.; _aEdebi eserler; _v547. _v252. |
|
| 504 | _aKaynakça vardır. | ||
| 650 | 0 |
_96084 _aTürkmenler _xTarih _zIrak |
|
| 651 | 0 |
_95884 _aIrak _xTürkler |
|
| 942 |
_2ddc _cBKS |
||